Organizational effectiveness : (Record no. 34108)
[ view plain ]
| 000 -LEADER | |
|---|---|
| fixed length control field | 00784cam a22002531 4500 |
| 001 - CONTROL NUMBER | |
| control field | 34108 |
| 003 - CONTROL NUMBER IDENTIFIER | |
| rucl marc code | BD-RjUL |
| 005 - DATE AND TIME OF LATEST TRANSACTION | |
| control field | 20211209052116.0 |
| 008 - FIXED-LENGTH DATA ELEMENTS--GENERAL INFORMATION | |
| fixed length control field | 140514s1968 ilua b 000 0 eng |
| 035 ## - SYSTEM CONTROL NUMBER | |
| System control number | (BD-RjUL)34202 |
| 040 ## - CATALOGING SOURCE | |
| Original cataloging agency | DLC |
| Transcribing agency | DLC |
| Modifying agency | DLC |
| -- | BD-RjUL |
| Language of cataloging | eng |
| 041 ## - LANGUAGE CODE | |
| Language code of text/sound track or separate title | eng |
| 082 00 - DEWEY DECIMAL CLASSIFICATION NUMBER | |
| Classification number | 301.405 |
| Author mark and year | PRO 1968 |
| 100 1# - MAIN ENTRY--PERSONAL NAME | |
| Personal name | Price, James L. |
| 9 (RLIN) | 98367 |
| 245 10 - TITLE STATEMENT | |
| Title | Organizational effectiveness : |
| Remainder of title | an inventory of propositions / |
| Statement of responsibility, etc. | by James L. Price. |
| 260 ## - PUBLICATION, DISTRIBUTION, ETC. (IMPRINT) | |
| Place of publication, distribution, etc. | Homewood, Ill. : |
| Name of publisher, distributor, etc. | R. D. Irwin, |
| Date of publication, distribution, etc. | c 1968. |
| 300 ## - PHYSICAL DESCRIPTION | |
| Pagination | xv, 212 p. : |
| Illustrations | illus. ; |
| Size | 23 cm. |
| 490 0# - SERIES STATEMENT | |
| Series statement | The Irwin-Dorsey series in behavioral science |
| 504 ## - BIBLIOGRAPHY, ETC. NOTE | |
| Bibliography, etc | Bibliographical footnotes. |
| 650 #0 - SUBJECT ADDED ENTRY--TOPICAL TERM | |
| Topical term or geographic name as entry element | Organizational effectiveness. |
| 9 (RLIN) | 42222 |
| 942 ## - ADDED ENTRY ELEMENTS (KOHA) | |
| Source of classification or shelving scheme | Dewey Decimal Classification |
| Koha item type | Books |
| Lost status | Source of classification or shelving scheme | Damaged status | Not for loan | Permanent Location | Current Location | Shelving location | Date acquired | Source of acquisition | Cost, normal purchase price | Total Checkouts | Full call number | Date last seen | Copy number | Koha item type |
|---|---|---|---|---|---|---|---|---|---|---|---|---|---|---|
| Dewey Decimal Classification | Not For Loan | Central Library, University of Rajshahi | Central Library, University of Rajshahi | Reading Room | 04/06/1969 | Obidul Huq | 0.00 | 301.405 PRO 1968 | 14/05/2014 | C-1 | Books |